Представление документа в формате MARC21

Поле Инд. ПП Название Значение
Тип записи a
Библиографический уровень m
001 Контрольный номер ad1278de8a2a48a2b277392d8b4a387b
005 Дата корректировки 20260414114634.8
020 a ISBN 978-5-04-108390-8
c Цена, тираж 300-00
084 a Индекс другой классификации/Индекс ББК 84(2=411.2)6
090 a Полочн. индекс 84(2=411.2)6
c Каталожный индекс 84(2=411.2)6
x Авторский знак Р 65
091 i Возрастная адресация (DOS) 6+
097 b Оператор Кондратьева
100 1_ a Автор Рой О.
q Полное имя Рой Олег
245 10 a Заглавие Волшебная река
b Продолж. заглавия [6+]
c Ответственность иллюстрации А. Жижица
260 a Место издания Москва
b Издательство Эксмо
c Дата издания 2020
300 a Объем 64 с.
b Иллюстрации/ тип воспроизводства ил.
440 _0 a Серия Сказочный патруль
900 a Имя макрообъекта о15774271
901 t Тип документа m